[Event "Idaho Open (Open)"]
[Site "Pocatello, ID"]
[Date "2013.05.19"]
[Round "5.5"]
[White "Owen, Gary"]
[Black "Booth, Tom R"]
[Result "1/2-1/2"]
[WhiteElo "1608"]
[BlackElo "1558"]

1. Nf3 e6 2. g3 d5 3. Bg2 Nf6 4. O-O Be7 5. d3 Nbd7 6. Nbd2 O-O 7. Re1 c6 8.
e4 dxe4 9. Nxe4 Nxe4 10. dxe4 e5 11. Bd2 f6 12. b4 Nb6 13. a4 Nc4 14. Bc3 Bg4
15. Qe2 Be6 16. Rad1 Qc7 17. Nd2 Na3 18. Rc1 b5 19. a5 a6 20. Nb3 Rfd8 21.
Red1 Bc4 22. Qe1 Nxc2 23. Rxd8+ Rxd8 24. Rxc2 Bxb3 25. Rd2 Be6 26. Qe3 Rxd2
27. Bxd2 c5 28. Qc3 Qd6 29. bxc5 Qxc5 30. Bf1 Qxc3 31. Bxc3 Bc8 32. Bd3 Kf8
33. Kf1 g5 34. f3 {#d} 1/2-1/2

[Event "ICA PM (Open)"]
[Site "Boise, ID"]
[Date "2013.09.21"]
[Round "1.1"]
[White "Leslie, Cameron"]
[Black "Booth, Tom R"]
[Result "1-0"]
[WhiteElo "2006"]
[BlackElo "1602"]
[EventRounds "5"]
[EventCountry "USA"]

1. d4 d5 2. c4 e6 3. Nc3 Nf6 4. cxd5 exd5 5. Bg5 c6 6. e3 Be7 7. Bd3 O-O 8.
Qc2 Nbd7 9. Nf3 h6 10. Bh4 Re8 11. O-O Ne4 12. Bxe7 Qxe7 13. Nd2 Ndf6 14. Rae1
Bf5 15. f3 Nxd2 16. Qxd2 Bxd3 17. Qxd3 Rac8 18. e4 dxe4 19. fxe4 Rcd8 20. e5
Nd5 21. Ne4 Qe6 22. Nd6 Re7 23. Qg3 Qg6 24. Nf5 Qxg3 25. Nxe7+ Nxe7 26. hxg3
Rxd4 27. e6 fxe6 28. Rxe6 Nd5 29. Rf2 Rg4 30. Rf3 Rd4 31. Kf2 Rd2+ 32. Re2 Rd4
33. Re8+ Kh7 34. Rf7 Rg4 35. Re2 a5 36. Rf3 a4 37. a3 Rg5 38. Ke1 Kg6 39. Kd1
Nf6 40. Kc1 Rc5+ 41. Kb1 Nd5 42. Re4 b5 43. Re2 Rc4 44. Rc2 Rxc2 45. Kxc2 Kg5
46. Kd3 Kg6 47. Kd4 Kg5 48. Kc5 Ne7 49. Rf7 Nf5 50. Kxc6 Nxg3 51. Rxg7+ Kf4
52. Kxb5 Nf5 53. Rf7 {#r} 1-0

[Event "ICA PM (Open)"]
[Site "Boise, ID"]
[Date "2013.09.21"]
[Round "3.4"]
[White "Booth, Tom R"]
[Black "Gorman, Cody"]
[Result "0-1"]
[WhiteElo "1602"]
[BlackElo "1657"]
[EventRounds "5"]
[EventCountry "USA"]

1. d4 b6 2. Nf3 Bb7 3. e3 e6 4. Be2 Nf6 5. O-O Be7 6. c4 O-O 7. Nc3 d5 8. b3
dxc4 9. bxc4 c5 10. Ba3 cxd4 11. Bxe7 Qxe7 12. exd4 Rd8 13. Qc2 Nc6 14. Rfd1
Rac8 15. a3 Na5 16. Ne5 Nd7 17. Bd3 g6 18. h3 Nxe5 19. dxe5 Nxc4 20. Ne4 Ne3
21. Nf6+ Kg7 22. Qxc8 Rxc8 23. fxe3 Qc5 24. Ng4 h5 25. Nf2 Qxe3 26. Re1 Qg3
27. Be4 Bxe4 28. Nxe4 Qxe5 29. Rad1 Qb2 30. Rb1 Qxa3 31. Ra1 Qe7 32. Rf1 Rc4
33. Rfe1 b5 34. Rad1 b4 35. Nd6 Rc6 36. Ne4 a5 37. Rf1 b3 38. Rf6 Qxf6 39.
Nxf6 Kxf6 40. Rb1 {#R} 0-1

[Event "ICA PM (Open)"]
[Site "Boise, ID"]
[Date "2013.09.22"]
[Round "4.5"]
[White "Buus, Jarod"]
[Black "Booth, Tom R"]
[Result "1/2-1/2"]
[WhiteElo "1201"]
[BlackElo "1602"]
[EventRounds "5"]
[EventCountry "USA"]

1. e4 e6 2. d4 d5 3. e5 c5 4. c3 Nc6 5. Nf3 Qb6 6. a3 cxd4 7. cxd4 Nge7 8. b4
Nf5 9. Bb2 Bd7 10. Nc3 Ncxd4 11. Nxd4 Qxd4 12. Qxd4 Nxd4 13. Nxd5 Nc2+ 14. Kd2
Rc8 15. Rc1 exd5 16. Rxc2 Rxc2+ 17. Kxc2 Be7 18. f4 O-O 19. h3 Rc8+ 20. Kd2
Bf5 21. Bd3 Bxd3 22. Kxd3 Bh4 23. Rc1 Rxc1 24. Bxc1 Kf8 25. Kd4 Ke7 26. Kxd5
Bf2 27. f5 Kd7 28. e6+ fxe6+ 29. fxe6+ Ke7 30. Bg5+ Ke8 31. Bf4 Ke7 32. Bd6+
Ke8 33. Bc5 Bxc5 34. bxc5 Ke7 35. a4 a5 36. c6 bxc6+ 37. Kxc6 Kxe6 38. Kb6 Kd6
39. Kxa5 Kc5 40. Ka6 Kc6 41. Ka7 Kc7 {#d} 1/2-1/2

[Event "ICA PM (Open)"]
[Site "Boise, ID"]
[Date "2013.09.22"]
[Round "5.6"]
[White "Booth, Tom R"]
[Black "Sanderson, Kenneth"]
[Result "1-0"]
[WhiteElo "1602"]
[BlackElo "1700"]
[EventRounds "5"]
[EventCountry "USA"]

1. d4 e6 2. e4 d5 3. e5 c5 4. c3 Nc6 5. Nf3 Qb6 6. a3 c4 7. Be2 f6 8. exf6
Nxf6 9. O-O Bd7 10. Ne5 g6 11. Nd2 Nxe5 12. dxe5 Ng8 13. Nf3 O-O-O 14. Ng5 Nh6
15. Rb1 Bxa3 16. Nxe6 Qxe6 17. Bxh6 Bc5 18. Bg7 Rhg8 19. Bf6 Be7 20. Bxe7 Qxe7
21. Qd4 Be6 22. Qxa7 Qc7 23. Qd4 Kd7 24. Ra1 Ra8 25. h3 Ra5 26. Rxa5 Qxa5 27.
Bxc4 Kc6 28. Be2 Qa2 29. Qb4 {#r} 1-0

[Event "WIO (Open)"]
[Site "Boise, ID"]
[Date "2013.12.14"]
[Round "1.4"]
[White "Booth, Tom R"]
[Black "Lang, Jamie"]
[Result "0-1"]
[WhiteElo "1599"]
[BlackElo "1379"]
[EventRounds "5"]
[EventCountry "USA"]

1. d4 Nf6 2. c4 e6 3. Nc3 Bb4 4. Qc2 Nc6 5. Nf3 b6 6. a3 Bxc3+ 7. bxc3 Bb7 8.
e4 Na5 9. Bd3 d6 10. Bg5 h6 11. Bd2 O-O 12. O-O Ba6 13. e5 Nd7 14. Rfe1 Bxc4
15. Bxc4 Nxc4 16. Bf4 dxe5 17. dxe5 Qe7 18. Nd4 Qc5 19. Nf3 Nxa3 20. Qc1 Nc4
21. Bxh6 Ncxe5 22. Bxg7 Kxg7 23. Qg5+ Ng6 24. Qc1 Nde5 25. Nxe5 Nxe5 26. Qg5+
Ng6 27. Qg3 Rg8 28. Red1 Qe5 29. Qf3 a5 30. Rd7 Qf6 31. Qg3 Qf4 32. Qxf4 Nxf4
33. Rxc7 Nd5 34. Rc6 Rgc8 35. Rxc8 Rxc8 36. Kf1 Rxc3 37. Ke1 Rc7 38. Rd1 a4
39. Ra1 Ra7 40. Kd2 b5 41. Kc2 b4 42. Kb2 Nf4 43. Kc2 Kf6 44. g3 Nd5 45. h3
Nc3 46. h4 Rc7 47. Kb2 Rc5 48. Rh1 Re5 49. h5 Re2+ 50. Kc1 a3 51. g4 a2 52.
g5+ Ke7 {#R} 0-1

[Event "WIO (Open)"]
[Site "Boise, ID"]
[Date "2013.12.14"]
[Round "2.4"]
[White "Booth, Tom R"]
[Black "Stinar, Jacob"]
[Result "0-1"]
[WhiteElo "1599"]
[BlackElo "1627"]
[EventRounds "5"]
[EventCountry "USA"]

1. d4 Nf6 2. c4 d5 3. e3 Nc6 4. Nf3 Bg4 5. b3 e5 6. Be2 Bxf3 7. Bxf3 e4 8. Be2
Qd7 9. O-O O-O-O 10. Ba3 Kb8 11. Bxf8 Rdxf8 12. Nc3 Ne7 13. cxd5 Nexd5 14.
Nxd5 Nxd5 15. Qd2 f5 16. Bc4 Nf6 17. Rac1 g5 18. Qb4 b6 19. Bb5 Qd8 20. Bc6 h5
21. Qb5 h4 22. a4 Ng4 23. a5 Qd6 24. g3 hxg3 25. hxg3 Qh6 {#R} 0-1

[Event "WIO (Open)"]
[Site "Boise, ID"]
[Date "2013.12.15"]
[Round "5.4"]
[White "Sanderson, Kenneth"]
[Black "Booth, Tom R"]
[Result "0-1"]
[WhiteElo "1581"]
[BlackElo "1599"]
[EventRounds "5"]
[EventCountry "USA"]

1. e4 e6 2. d4 d5 3. Nc3 Nf6 4. Bg5 Be7 5. e5 Nfd7 6. Bxe7 Qxe7 7. f4 a6 8.
Nf3 c5 9. Ne2 Nc6 10. c3 c4 11. Ng3 Nf8 12. Nh5 Rg8 13. Be2 b5 14. b4 f6 15.
O-O fxe5 16. fxe5 Bd7 17. Qd2 Kd8 18. Bd1 Be8 19. Ng3 Bg6 20. a4 bxa4 21. Bxa4
Be8 22. Ng5 h6 23. Bxc6 Bxc6 24. Rf7 Qxg5 25. Qxg5+ hxg5 26. Nh5 Be8 27. Rxg7
Rxg7 28. Nxg7 Bb5 29. Rf1 Ke7 30. Nh5 Nh7 31. g4 Rf8 {#R} 0-1

[Event "BCC Inaugural"]
[Site "Boise, ID"]
[Date "2014.03.08"]
[Round "1.3"]
[White "Booth, Tom R"]
[Black "Hill, Elijah Andrew"]
[Result "1/2-1/2"]
[WhiteElo "1638"]
[BlackElo "1126"]

1. d4 Nf6 2. c4 e6 3. Nc3 Bb4 4. Qc2 Nc6 5. e3 d5 6. Nf3 b6 7. cxd5 Nxd5 8.
Bd2 Bb7 9. Be2 O-O 10. O-O Qf6 11. Nxd5 exd5 12. Rfc1 Bxd2 13. Qxd2 Rac8 14.
b4 Rfe8 15. a4 Qd6 16. Bb5 Re6 17. Bxc6 Bxc6 18. b5 Bd7 19. Rc2 Rg6 20. Ne5
Rh6 21. Nf3 f6 22. Rac1 Bg4 23. Rc6 Qd7 24. Qe2 Qf5 25. Qc2 Qh5 26. Rxc7 Rf8
27. Qe2 Rg6 28. Kh1 Rh6 29. Kg1 Rg6 {#d} 1/2-1/2

[Event "BCC Inaugural"]
[Site "Boise, ID"]
[Date "2014.03.08"]
[Round "2.3"]
[White "Edvalson, Paul"]
[Black "Booth, Tom R"]
[Result "1/2-1/2"]
[WhiteElo "1647"]
[BlackElo "1638"]

1. d4 e6 2. Nf3 d5 3. c4 Nf6 4. g3 Be7 5. Bg2 O-O 6. O-O c6 7. Nbd2 Nbd7 8.
Qc2 Qc7 9. e4 Nxe4 10. Nxe4 dxe4 11. Qxe4 Nf6 12. Qc2 Bd7 13. b3 Rad8 14. Ne5
Bc8 15. Bb2 c5 16. Rad1 cxd4 17. Bxd4 Rxd4 18. Rxd4 Qxe5 19. Rfd1 Bc5 20. R4d2
Ng4 21. Rf1 Qh5 22. h3 Nxf2 23. Rfxf2 Bxf2+ 24. Kxf2 Qc5+ 25. Kf1 Qf5+ 26.
Qxf5 exf5 27. b4 b6 28. c5 Ba6+ 29. Kg1 bxc5 30. bxc5 g6 31. c6 Rc8 32. Rd7
Bb5 33. Bd5 Bxc6 34. Bxf7+ Kf8 35. Rxa7 Ra8 36. Rxa8+ Bxa8 37. Bc4 Ke7 38. Kf2
Kf6 39. Ke3 g5 40. Kd4 Bg2 41. h4 gxh4 42. gxh4 Be4 43. a4 Bb7 44. a5 f4 45.
a6 Bxa6 46. Bxa6 Kf5 47. Bd3+ Kg4 48. Bxh7 Kxh4 {#d} 1/2-1/2

[Event "BCC Inaugural"]
[Site "Boise, ID"]
[Date "2014.03.08"]
[Round "3.3"]
[White "Buus, Jarod N"]
[Black "Booth, Tom R"]
[Result "1-0"]
[WhiteElo "1365"]
[BlackElo "1638"]

1. e4 e6 2. d4 d5 3. e5 c5 4. c3 Nc6 5. Nf3 Nge7 6. dxc5 Ng6 7. Bb5 Bxc5 8. b4
Bxf2+ 9. Kxf2 Qb6+ 10. Nd4 Bd7 11. Bxc6 Bxc6 12. Re1 O-O 13. Be3 Qc7 14. Nf3
Nxe5 15. Nxe5 Qxe5 16. Bd4 Qxh2 17. Qg4 Qh6 18. Re3 Qg6 19. Qxg6 hxg6 20. Nd2
a5 21. Rh3 axb4 22. Rah1 f6 23. Rh8+ Kf7 24. Rxf8+ Rxf8 25. Bc5 Ra8 26. Bxb4
Kg8 27. a3 Rd8 28. Nb3 e5 29. Rd1 Ba4 30. Rb1 d4 31. cxd4 exd4 32. Nc5 Bc2 33.
Rc1 d3 34. Ke3 b6 35. Ne4 Re8 36. Kf3 f5 37. Nc3 Rd8 38. Nd1 Re8 39. Ne3 Rd8
40. Nxc2 dxc2 41. Rxc2 Rd3+ 42. Ke2 Rd7 43. Rc6 Rb7 44. Rxg6 Kh7 45. Re6 Kg8
46. Kf3 Kf7 47. Re5 Kf6 48. Bc3 Rc7 49. Rc5+ {#r} 1-0

[Event "MVCC (Championship)"]
[Site "Twin Falls, ID"]
[Date "2014.03.22"]
[Round "1.6"]
[White "Arp, Jared"]
[Black "Booth, Tom R"]
[Result "0-1"]
[WhiteElo "1011"]
[BlackElo "1597"]
[EventRounds "4"]
[EventCountry "USA"]

1. e4 e6 2. d4 d5 3. e5 c5 4. c3 Nc6 5. Nf3 Bd7 6. Be2 Nge7 7. O-O cxd4 8.
cxd4 Nf5 9. Bb5 Be7 10. Bxc6 Bxc6 11. Nc3 O-O 12. Be3 Nxe3 13. fxe3 Rc8 14.
Qd3 a6 15. Nd2 b5 16. Rf3 b4 17. Ne2 Bb5 18. Qb1 Bxe2 19. Rh3 g6 20. Qe1 Bg4
21. Rg3 Bh4 22. Qf2 Bxg3 23. hxg3 Rc2 24. Kh2 Qg5 25. Rf1 Qh5+ 26. Kg1 Be2 27.
Nf3 Bxf1 28. Qxc2 Bb5 29. Qc5 Qg4 30. Kf2 Qe4 31. Qxb4 Qb1 32. Nd2 Qc2 33. g4
Rc8 34. Kf3 Qd1+ 35. Kg3 Qe1+ 36. Kh2 Qh4+ 37. Kg1 Rc1+ 38. Nf1 Rxf1# 0-1

[Event "MVCC (Championship)"]
[Site "Twin Falls, ID"]
[Date "2014.03.22"]
[Round "2.3"]
[White "Booth, Tom R"]
[Black "Roland, Jeffrey T"]
[Result "0-1"]
[WhiteElo "1597"]
[BlackElo "1672"]
[EventRounds "4"]
[EventCountry "USA"]

1. d4 Nf6 2. c4 g6 3. Nc3 d5 4. e3 Bg7 5. Nf3 O-O 6. cxd5 Nxd5 7. Be2 c5 8.
O-O Nc6 9. Nxd5 Qxd5 10. Qc2 Bf5 11. Qxc5 Qxc5 12. dxc5 Rfd8 13. Nd4 Nxd4 14.
exd4 Bxd4 15. Bf3 Rac8 16. Bxb7 Rxc5 17. Be3 Bxe3 18. fxe3 Rb5 19. e4 Be6 20.
Bd5 Rxb2 21. Rfb1 Rdb8 22. Rxb2 Rxb2 23. Bxe6 fxe6 24. Kf1 a5 25. e5 g5 26. a3
a4 27. Rc1 Rb3 28. Ra1 Re3 29. Kf2 Rxe5 30. Rc1 Rb5 31. Rc8+ Kf7 32. Ra8 Rf5+
33. Ke3 Rf4 34. g3 Rc4 35. Kd3 Rg4 36. Ra5 Kf6 37. Ke3 h5 38. Kd3 h4 39. gxh4
Rxh4 40. Ke3 Rh3+ 41. Kf2 Rxa3 42. Kg2 e5 43. Ra6+ Kf5 44. Ra8 Kg4 45. Ra5
Ra2+ 46. Kg1 Kf3 47. h3 Kg3 48. Kf1 Kf4 49. Kg1 e4 50. Ra8 e3 51. Rf8+ Kg3 52.
Kf1 Rf2+ {#R} 0-1

[Event "MVCC (Championship)"]
[Site "Twin Falls, ID"]
[Date "2014.03.22"]
[Round "3.2"]
[White "Bartell, Fred"]
[Black "Booth, Tom R"]
[Result "1-0"]
[WhiteElo "1762"]
[BlackElo "1597"]
[EventRounds "4"]
[EventCountry "USA"]

1. c4 e6 2. Nc3 d5 3. e3 Nf6 4. Nf3 Be7 5. b3 O-O 6. Bb2 c6 7. Be2 Nbd7 8. O-O
Qc7 9. Qc2 dxc4 10. bxc4 b6 11. Rac1 Ba6 12. Qa4 Nc5 13. Qc2 Rfd8 14. d4 Ncd7
15. Rfd1 Rac8 16. Qa4 Qb7 17. Bd3 c5 18. Nb5 Bxb5 19. cxb5 h6 20. Ba3 Kf8 21.
Nd2 cxd4 22. Rxc8 Rxc8 23. exd4 Bxa3 24. Qxa3+ Kg8 25. Nc4 Rd8 26. Nd6 Qb8 27.
Be2 Nf8 28. Nc4 Nd5 29. Ne5 Qb7 30. Bf3 Qe7 31. Qb2 Qb4 32. Qxb4 Nxb4 33. Nc6
Nxc6 34. bxc6 Rc8 35. Rc1 Rc7 36. Re1 Ng6 37. d5 exd5 38. Bxd5 {In time
trouble, only two more moves were recorded. 38...Be4 39.Ne7 Rd1. Likely is
that Black now played 38...Ne7, White responded 39.Be4, then Black did
something (not sure what) and then White played 40.Rd1.--Jeffrey Roland.} {#r}
1-0

[Event "BCC #3"]
[Site "Boise, ID"]
[Date "2014.05.10"]
[Round "3.1"]
[White "Amen, Chris"]
[Black "Booth, Tom R"]
[Result "1-0"]
[WhiteElo "1397"]
[BlackElo "1551"]
[EventRounds "4"]
[EventCountry "USA"]

1. c4 e6 2. Nf3 Nf6 3. Nc3 d5 4. g3 Be7 5. Bg2 O-O 6. O-O c6 7. cxd5 exd5 8.
Rb1 d4 9. Na4 Bg4 10. b4 d3 11. exd3 Qxd3 12. Rb3 Qd7 13. Nc5 Bxc5 14. bxc5
Na6 15. d4 Nd5 16. Qd2 Bxf3 17. Bxf3 Rab8 18. Bb2 Rfe8 19. Re1 Rxe1+ 20. Qxe1
Re8 21. Qd2 Re7 22. Qg5 h6 23. Qg4 Qxg4 24. Bxg4 Nab4 25. a3 Nc2 26. Bf5 Ne1
27. Kf1 Nf3 28. Rxf3 g6 29. Bc8 Rc7 30. Bh3 a5 31. a4 Re7 32. Rb3 h5 33. Bc8
Nb4 34. Bc3 Rc7 35. Bh3 Re7 36. Bxb4 axb4 37. Rxb4 f5 38. a5 Kf8 39. Bg2 Rc7
40. Ke2 Ke7 41. Ke3 Kf6 42. h4 Re7+ 43. Kd3 Rd7 44. Kc4 Ke6 45. Rb6 Kf7 46. a6
bxa6 47. Rxa6 Rb7 48. Bxc6 Rb1 49. Bd5+ Ke7 50. Ra7+ Kf8 51. c6 f4 52. c7 Rc1+
53. Kb5 fxg3 54. fxg3 {#r} 1-0

[Event "BCC #3"]
[Site "Boise, ID"]
[Date "2014.05.10"]
[Round "4.2"]
[White "Booth, Tom R"]
[Black "Edvalson, Paul"]
[Result "1/2-1/2"]
[WhiteElo "1551"]
[BlackElo "1622"]
[EventRounds "4"]
[EventCountry "USA"]

1. d4 f5 2. g3 Nf6 3. Bg2 e6 4. Nf3 d5 5. Bg5 Be7 6. Nbd2 Nbd7 7. O-O O-O 8.
Rc1 c6 9. c4 Ne4 10. Bxe7 Qxe7 11. Nxe4 fxe4 12. Ne5 Nxe5 13. dxe5 Bd7 14. e3
Be8 15. cxd5 exd5 16. Qd4 Bh5 17. Rc2 Qe6 18. h3 Bf3 19. Kh2 Bxg2 20. Kxg2 Rf5
21. Qd1 Raf8 22. Qg4 Qxe5 23. b4 h6 24. b5 Rg5 25. Qe2 Rg6 26. bxc6 bxc6 27.
a4 Rc8 28. Rfc1 Rd6 29. Qa6 Rc7 30. Rxc6 Rdxc6 31. Rxc6 Rxc6 32. Qxc6 Qf5 33.
Qa8+ Kh7 34. Qxa7 {#d} 1/2-1/2

[Event "ICA Summer Classic (Open)"]
[Site "Boise, ID"]
[Date "2014.07.19"]
[Round "1.1"]
[White "Gorman, Cody Austin"]
[Black "Booth, Tom R"]
[Result "1-0"]
[WhiteElo "1905"]
[BlackElo "1565"]
[EventRounds "5"]
[EventCountry "USA"]

1. d4 e6 2. c4 d5 3. Nc3 Nf6 4. cxd5 exd5 5. Bg5 c6 6. Qc2 Be7 7. e3 O-O 8.
Bd3 h6 9. Bh4 Be6 10. Nge2 Nbd7 11. O-O Rc8 12. f3 c5 13. dxc5 Bxc5 14. Bf2
Bb6 15. Qd2 Ne5 16. b3 Ba5 17. Rac1 Bh3 18. Rfd1 Nh5 19. Ng3 Nxg3 20. Bxg3
Bxc3 21. Rxc3 Rxc3 22. Qxc3 Nxd3 23. gxh3 Nc5 24. Qxc5 Qf6 25. Qxd5 b6 26. h4
Rc8 27. a4 Qb2 28. Rd2 Qc1+ 29. Kg2 Rc5 30. Qd8+ Kh7 31. Qd3+ Kg8 32. Qd8+ Kh7
33. Qd4 Kg8 34. Bd6 Rc6 35. h5 Rc8 36. f4 Rd8 37. f5 Qc6+ 38. e4 Qc1 39. e5
Qb1 40. f6 Qf5 41. Qh4 gxf6 42. Qxf6 Qg4+ 43. Kf1 Rc8 44. Bc5 bxc5 45. Rg2
Qxg2+ 46. Kxg2 {#r} 1-0

[Event "ICA Summer Classic (Open)"]
[Site "Boise, ID"]
[Date "2014.07.19"]
[Round "2.5"]
[White "Kircher, Caleb Paul"]
[Black "Booth, Tom R"]
[Result "1-0"]
[WhiteElo "1892"]
[BlackElo "1565"]
[EventRounds "5"]
[EventCountry "USA"]

1. e4 e6 2. d4 d5 3. exd5 exd5 4. c4 Nf6 5. Nc3 c6 6. Bd3 Be7 7. Nf3 O-O 8.
O-O Bg4 9. cxd5 Nxd5 10. h3 Bh5 11. a3 Nd7 12. g4 Bg6 13. Nxd5 cxd5 14. Bf4
Bxd3 15. Qxd3 Rc8 16. Rfd1 Nf6 17. Ne5 Bd6 18. Bg5 Re8 19. Re1 Qb6 20. Bxf6
gxf6 21. Nd7 Rxe1+ 22. Rxe1 Qd8 23. Re8+ {#r} 1-0

[Event "ICA Summer Classic (Open)"]
[Site "Boise, ID"]
[Date "2014.07.19"]
[Round "3.6"]
[White "Booth, Tom R"]
[Black "Olson, Christopher Ronald"]
[Result "1/2-1/2"]
[WhiteElo "1565"]
[BlackElo "895"]
[EventRounds "5"]
[EventCountry "USA"]

1. d4 b6 2. Nf3 Bb7 3. e3 Nf6 4. Be2 e6 5. O-O c5 6. dxc5 Bxc5 7. a3 O-O 8. b4
Be7 9. c4 d5 10. Bb2 Nbd7 11. cxd5 Nxd5 12. Nc3 Bf6 13. Qb3 Rc8 14. Rac1 Ne5
15. Rfd1 Qe7 16. Ne4 Nxf3+ 17. Bxf3 Bxb2 18. Qxb2 Qh4 19. Nd6 Rxc1 20. Rxc1
Ba8 21. Rc4 Qe7 22. Nb5 a6 23. Nd4 Qg5 24. Qc1 Bb7 25. h3 h6 26. e4 Qxc1+ 27.
Rxc1 Nf6 28. e5 Nd5 29. Bxd5 Bxd5 30. Kf1 b5 31. Nc6 Bc4+ 32. Ke1 g5 33. Rd1
Kg7 34. Rd8 Bd5 35. Rxf8 Kxf8 36. Nb8 Bxg2 37. Nxa6 Bxh3 38. Nc7 Bf5 39. Nxb5
h5 40. Nd6 h4 41. Nxf5 exf5 42. b5 Ke8 43. a4 Kd8 44. b6 Kc8 45. a5 Kb7 46.
Kf1 g4 47. Kg2 h3+ 48. Kh2 Ka6 49. f3 Kb7 50. fxg4 fxg4 {#d} 1/2-1/2

[Event "ICA Summer Classic (Open)"]
[Site "Boise, ID"]
[Date "2014.07.20"]
[Round "4.7"]
[White "Booth, Tom R"]
[Black "Amen, Chris"]
[Result "1/2-1/2"]
[WhiteElo "1565"]
[BlackElo "1508"]
[EventRounds "5"]
[EventCountry "USA"]

1. d4 Nf6 2. c4 g6 3. Nc3 d5 4. e3 Bg7 5. Nf3 O-O 6. cxd5 Nxd5 7. Be2 c5 8.
O-O Nxc3 9. bxc3 Nc6 10. Bb2 Bf5 11. h3 cxd4 12. cxd4 Qb6 13. Qb3 Qxb3 14.
axb3 Rfc8 15. Bc4 a6 16. Ne5 Nxe5 17. dxe5 b5 18. Bd5 Ra7 19. Bd4 Rac7 20.
Rxa6 Rc2 21. Ra8 Rxa8 22. Bxa8 Ra2 23. Ra1 Rd2 24. Bd5 h5 25. Bc6 Bd3 26. Ra8+
Bf8 27. Bf3 Rc2 28. b4 Kg7 29. e6+ f6 {#d} 1/2-1/2

[Event "ICA Summer Classic (Open)"]
[Site "Boise, ID"]
[Date "2014.07.20"]
[Round "5.7"]
[White "Lang, Jamie"]
[Black "Booth, Tom R"]
[Result "0-1"]
[WhiteElo "1474"]
[BlackElo "1565"]
[EventRounds "5"]
[EventCountry "USA"]

1. e4 e6 2. Nc3 d5 3. exd5 exd5 4. d4 Nf6 5. Nf3 Be7 6. Bf4 c6 7. Bd3 O-O 8.
O-O Bg4 9. h3 Bh5 10. g4 Bg6 11. Bxg6 fxg6 12. Qd2 Bb4 13. Bg5 Nbd7 14. a3 Bd6
15. Rfe1 Qc7 16. Re2 Nxg4 17. Kg2 Ngf6 18. Rae1 Rae8 19. Rxe8 Rxe8 20. Rxe8+
Nxe8 21. Qe3 Nef6 22. Qe6+ Kf8 23. Bh4 Nh5 24. Ne2 Ndf6 25. Ng5 a6 26. Qxf6+
gxf6 27. Ne6+ Kf7 28. Nxc7 Bxc7 29. Bg3 Nxg3 30. fxg3 Ke6 31. Kf3 h5 32. g4
hxg4+ 33. hxg4 f5 34. gxf5+ Kxf5 35. b3 g5 36. a4 g4+ 37. Kg2 Ke4 38. Kf2 g3+
39. Kg2 Ke3 40. Kf1 g2+ 41. Ke1 Bg3+ 42. Kd1 Kf2 43. Kd2 g1=Q 44. Nxg1 Kxg1
45. Kd3 Kf2 46. c4 dxc4+ 47. Kxc4 a5 48. d5 cxd5+ 49. Kxd5 Kf3 50. Kc5 Bf2+
51. Kb5 b6 52. b4 axb4 53. Kxb4 Be1+ 54. Kb5 Ba5 55. Kc4 Ke4 56. Kb3 Kd3 57.
Kb2 Kc4 58. Ka3 Kc3 59. Ka2 Kb4 60. Kb2 Kxa4 61. Ka2 b5 62. Kb2 b4 63. Ka2 b3+
64. Kb2 Bd8 65. Ka1 Ka3 66. Kb1 b2 {#R} 0-1

[Event "BCC #4"]
[Site "Boise, ID"]
[Date "2014.09.06"]
[Round "1.4"]
[White "Batten, Jesse"]
[Black "Booth, Tom R"]
[Result "0-1"]
[WhiteElo "1136"]
[BlackElo "1551"]
[EventRounds "4"]
[EventCountry "USA"]

1. e4 e6 2. d4 d5 3. e5 c5 4. Nf3 Nc6 5. Bg5 Be7 6. Bb5 Bxg5 7. dxc5 Be7 8.
Nd4 Bd7 9. Nc3 Nxd4 10. Qxd4 Bxb5 11. Nxb5 Qa5+ 12. Nc3 Qxc5 13. Qa4+ Qc6 14.
Nb5 Rc8 15. O-O-O a6 16. Nd6+ Bxd6 17. Qxc6+ Rxc6 18. exd6 Rxd6 19. Rd3 Nf6
20. h4 Kd7 21. Rhd1 Rc8 22. b3 b5 23. a4 b4 24. g3 Ne4 25. Rf3 Ke7 26. g4 Rdc6
27. g5 Rxc2+ 28. Kb1 Nd2+ 29. Ka1 Nxf3 30. Kb1 Nd2+ 31. Ka1 Rc1+ 32. Rxc1
Rxc1+ 33. Kb2 Rc3 34. f4 f6 35. a5 fxg5 36. fxg5 e5 37. h5 e4 38. h6 g6 39.
Ka2 e3 40. Kb2 e2 41. Ka2 e1=Q 42. Kb2 Qb1# 0-1

[Event "BCC #4"]
[Site "Boise, ID"]
[Date "2014.09.06"]
[Round "2.1"]
[White "Inman, James"]
[Black "Booth, Tom R"]
[Result "1-0"]
[WhiteElo "1755"]
[BlackElo "1551"]
[EventRounds "4"]
[EventCountry "USA"]

1. d4 e6 2. c4 d5 3. Nc3 Nf6 4. cxd5 exd5 5. Nf3 Be7 6. Bg5 O-O 7. Qc2 Be6 8.
e3 Nbd7 9. Bd3 h6 10. Bh4 c5 11. O-O cxd4 12. Nxd4 a6 13. h3 Rc8 14. f4 Nc5
15. Nxe6 fxe6 16. Bg6 Nfe4 17. Bxe7 Qxe7 18. Rac1 Qd7 19. Rcd1 b5 20. Nxe4
Nxe4 21. Qxe4 Rc4 22. Qe5 Qe7 23. Rxd5 Rc6 24. Rfd1 Qf6 25. Qxf6 gxf6 26. Rd7
Rfc8 27. Kh2 Rc2 28. Bxc2 {#r} 1-0

[Event "BCC #4"]
[Site "Boise, ID"]
[Date "2014.09.06"]
[Round "3.3"]
[White "Booth, Tom R"]
[Black "Buus, Jarod N"]
[Result "1/2-1/2"]
[WhiteElo "1551"]
[BlackElo "1518"]
[EventRounds "4"]
[EventCountry "USA"]

1. d4 d5 2. c4 c6 3. cxd5 cxd5 4. Nf3 Nf6 5. Nc3 e6 6. e3 a6 7. Bd2 Bd6 8. Bd3
O-O 9. O-O Nbd7 10. Rc1 b5 11. Qc2 Bb7 12. Qb1 Rc8 13. Rfe1 e5 14. Nxe5 Nxe5
15. dxe5 Bxe5 16. Bf5 Rc4 17. Ne2 Qc7 18. f4 Bd6 19. Bc3 Qb6 20. Nd4 b4 21.
Bd2 Bxf4 22. Rxc4 dxc4 23. exf4 Qxd4+ 24. Be3 Qd5 25. Bh3 Re8 26. Rd1 Qc6 27.
Bf2 Ng4 28. Qc2 Nxf2 29. Qxf2 Qe4 30. Qd4 Qxd4+ {#d} 1/2-1/2

[Event "BCC #5"]
[Site "Boise, ID"]
[Date "2014.11.22"]
[Round "1.4"]
[White "White, Matthew William"]
[Black "Booth, Tom R"]
[Result "0-1"]
[WhiteElo "1203"]
[BlackElo "1580"]
[EventRounds "4"]
[EventCountry "USA"]

1. e4 e6 2. Nc3 d5 3. exd5 exd5 4. d4 Nf6 5. Bg5 c6 6. Nf3 Be7 7. Qe2 O-O 8.
h3 Re8 9. O-O-O Nbd7 10. Re1 h6 11. Bxf6 Nxf6 12. g4 Ne4 13. Nxe4 dxe4 14.
Qxe4 Bg5+ 15. Nxg5 Qxg5+ 16. f4 Rxe4 17. Rxe4 Qd8 18. Bd3 Be6 19. b3 Bd5 20.
Rhe1 Bxe4 21. Rxe4 Qd7 22. Re5 Qxd4 23. Re4 Qd7 24. Re5 Rd8 25. f5 Re8 26. Ra5
Qe7 27. Rxa7 Qe1+ 28. Kb2 Qe5+ 29. c3 Qh2+ 30. Ka3 Rb8 31. f6 Qd6+ 32. b4 Qxd3
33. Kb3 gxf6 34. h4 Qb1+ 35. Ka3 Qc2 36. c4 Qxc4 37. Ra5 Qc3+ {#R} 0-1

[Event "BCC #5"]
[Site "Boise, ID"]
[Date "2014.11.22"]
[Round "4.1"]
[White "Amen, Chris"]
[Black "Booth, Tom R"]
[Result "1-0"]
[WhiteElo "1526"]
[BlackElo "1580"]
[EventRounds "4"]
[EventCountry "USA"]

1. e4 e6 2. d4 d5 3. Nd2 Nf6 4. e5 Ne4 5. Nxe4 dxe4 6. Be3 c5 7. c3 cxd4 8.
Qa4+ Nc6 9. O-O-O Bd7 10. Bxd4 Nxd4 11. Qxd4 Qc7 12. Qxe4 Be7 13. f4 Bc6 14.
Qe3 O-O 15. Nf3 Bd5 16. Kb1 Qa5 17. c4 Bc6 18. Bd3 Rfd8 19. h4 Bc5 20. Qe1 Qb6
21. Ng5 g6 22. h5 Bxg2 23. Rh2 Bf2 24. Qe2 Bd4 25. Qxg2 Rac8 26. hxg6 fxg6 27.
Nxh7 Kg7 {#r} 1-0